000 05374nam a22005177a 4500
005 20120117144537.0
010 _aB-468899-922
020 _a9788179933343
_c155.00
020 _a9788179933343
_c155.00
035 _aB-468899-922
037 _aDPL
_bBlue Berry/Ven
082 _a551.46
100 _aIyer, Rani
_950416
245 _aOceans /
_cRani Iyer
246 _aOceans /
260 _aNew Delhi
_bTeri Press
_c2011
270 _aDarbari Seth Block, IHC Complex, Lodhi Road,
_bNew Delhi
_e110003
_k24682100, 41504900
_l24682144/24682145
_mTeripress@teri.res.in
300 _a30p.
_bCol.ill
_c29 cm (Hb)
490 _aPlanet Earth
_950417
942 _2ddc
_cCH
_mIYE
_h551.46
999 _c61055
_d61055